Mistrzowie Grenlandii w piłce nożnej w XXI wieku - nagła śmierć - Statystyki

Ogólne statystyki
  • Ten quiz został rozwiązany 7 razy
  • Średni wynik to 2 z 7
Answers on the Grid
Answers color-coded by a green-red scale on the quiz's grid according to % correct below.
G-44 Qeqertarsuaq
Inuit Timersoqatigiiffiat-79
Kagssagssuk Maniitsoq
Siumut Amerdlok Kunuk
Kugsak-45
Aqigssiaq Maniitsoq
Kissaviarsuk-33
Tupilak-41
FC Malamuk
B-67 Nuuk
Nuuk IL
Nagdlunguaq-48
 
Statystyki odpowiedzi
Odpowiedź % Poprawnych
B-67 Nuuk
83%
FC Malamuk
50%
G-44 Qeqertarsuaq
33%
Kissaviarsuk-33
17%
Kugsak-45
17%
Inuit Timersoqatigiiffiat-79
0%
Nagdlunguaq-48
0%
Nie znaleziono quizów pasujących do podanych kryteriów
Rozkład punktacji
Procent ludzi z każdym wynikiem
Percentyl według liczby udzielonych odpowiedzi
Twoja historia wyników
Nie rozwiązałeś tego quizu